| 000 | 00639nam a2200217 u 4500 | ||
|---|---|---|---|
| 005 | 20210223132138.0 | ||
| 008 | 130826s2007 cl r 000 0 spa d | ||
| 020 | _a9789584502490 | ||
| 035 | _aUPN01000192439 | ||
| 049 | _aCG | ||
| 050 | 4 |
_aPQ8220.19 T8.7 _bC8.2 |
|
| 100 | 1 |
_aIturralde, Edna, _d1948- _933645 |
|
| 245 | 1 | 0 |
_aCuando callaron las armas / _cEdna Iturralde ; il. de Olga Lucía Aldana. |
| 260 |
_aBogotá : _bNorma, _c2007. |
||
| 300 | _a123 p. | ||
| 440 | 0 |
_aTorre de papel. _pAmarilla |
|
| 650 | 4 |
_aLITERATURA JUVENIL ECUATORIANA _912498 |
|
| 650 | 4 |
_aNIÑOS Y GUERRA _912695 |
|
| 905 | _aLibro | ||
| 999 |
_c164541 _d164541 |
||